000 00670nam a2200229Ia 4500
003 OSt
005 20220926011350.0
006 a|||||r|||| 00| 0
007 ta
008 220923b |||||||| |||| 00| 0 eng d
037 _cGeneral Book
040 _aRTL
_cRTL
_beng
041 _2eng
_aeng
082 _aY:54:(Z).44Q7.N6, K6
100 _aBerry Willard
_9314069
245 0 _aAspects of the frontier crimes regulation in Pakistan
260 _aNew Jersey
_bPrintice Hall Inc
_c1966
300 _ax, 122p
_ccm.
650 _aSocial Crime
_9233199
942 _hY:54:(Z).44Q7.N6, K6
_cGB
_2CC
999 _c619889
_d619889